Statistics for Multiple Choice Usa History

Click here to take the quiz!

General Stats

  • This quiz has been taken 450 times
    (438 since last reset)
  • The average score is 6 of 10

Answer Stats

QuestionAnswer% Correct
When was the American Revolution1775-1783
87%
Where was the US Declaration of Independence signedPhiladelphia Pennsylvania
87%
When was the US Civil War1861-1865
86%
What was the last state to join the USHawaii
78%
How many US presidents were assassinated4
72%
Who was the first secretary of the United States treasuryAlexander Hamilton
66%
In what year was the White House burned down1814
63%
What was the first state In the USDelaware
60%
Who was the 23rd president of the United StatesBenjamin Harrison
22%
Who was the youngest president in US historyTheodore Roosevelt
19%

Score Distribution

Percentile by Number Answered

Percent of People with Each Score

Your Score History

You have not taken this quiz since the last reset